[Event "46th Capablanca Memorial Open B"]
[Site "Havana CUB"]
[Date "2011.05.18"]
[Round "7.41"]
[White "De La Torre Morales, Julio D."]
[Black "Perez Torres, Youset"]
[Result "1-0"]
[WhiteElo "2119"]
[BlackElo "2013"]
[WhiteFideId "3506517"]
[BlackFideId "3506215"]
[EventDate "2011.05.11"]

1. c4 c5 2. Nf3 Nc6 3. d4 cxd4 4. Nxd4 g6 5. e4 Bg7 6. Be3 Nf6 7. Nc3 d6 8. Be2
O-O 9. O-O Bd7 10. h3 Nxd4 11. Bxd4 Bc6 12. Qd3 Nd7 13. Bxg7 Kxg7 14. Qd4+ Kg8
15. b4 b6 16. Rad1 Qc7 17. f4 Rad8 18. Nd5 Bxd5 19. exd5 a5 20. a3 Ra8 21. Rf3
axb4 22. axb4 Ra4 23. Rb1 Ra2 24. Re3 Nf6 25. g4 Ne8 26. Qe4 Ra7 27. Re1 Ng7 28.
Bd3 Re8 29. f5 Raa8 30. h4 Qd7 31. h5 Kh8 32. h6 1-0

[Event "46th Capablanca Memorial Open B"]
[Site "Havana CUB"]
[Date "2011.05.18"]
[Round "7.42"]
[White "Oliva Meneses, Juan Carlos"]
[Black "Rama Gonzalez, Ricardo"]
[Result "0-1"]
[WhiteElo "1996"]
[BlackElo "2076"]
[WhiteFideId "3514374"]
[BlackFideId "3504360"]
[EventDate "2011.05.11"]

1. Nf3 Nf6 2. b3 g6 3. Bb2 Bg7 4. e3 O-O 5. c4 d6 6. Be2 Nc6 7. d4 Ne4 8. Nbd2
Nxd2 9. Nxd2 e5 10. d5 Nb8 11. O-O a5 12. f4 Qe7 13. e4 exf4 14. Bxg7 Kxg7 15.
Rxf4 Nd7 16. Qc2 Ne5 17. Rff1 Kg8 18. Nf3 Ng4 19. Rfe1 Bd7 20. h3 Ne5 21. Rac1
b6 22. a3 Qf6 23. b4 axb4 24. axb4 Nxf3+ 25. Bxf3 Ra3 26. Qd2 Bxh3 27. c5 bxc5
28. bxc5 Qe5 29. cxd6 cxd6 30. Qf2 Bd7 31. Rc7 Bb5 32. Rec1 Ra1 33. Qb6 Bd3 34.
Qe3 Ba6 35. Qb6 h5 36. Rxa1 Qxa1+ 37. Kh2 Qe5+ 38. Kg1 Bc8 39. Rc6 Bg4 40. Bxg4
hxg4 41. Qb4 g3 42. Qc3 Qf4 43. Qf3 Qe5 44. Qc3 Rb8 45. Qe3 Qd4 0-1

[Event "46th Capablanca Memorial Open B"]
[Site "Havana CUB"]
[Date "2011.05.18"]
[Round "7.43"]
[White "Gonzalez Ochoa, Yoana"]
[Black "Fonte Sanchez, Claudia"]
[Result "1-0"]
[WhiteElo "2053"]
[BlackElo "2008"]
[WhiteFideId "3507629"]
[BlackFideId "3509710"]
[EventDate "2011.05.11"]

1. e4 c5 2. Nf3 d6 3. d4 cxd4 4. Nxd4 Nf6 5. Nc3 g6 6. Be3 Bg7 7. f3 O-O 8. Qd2
Nc6 9. O-O-O Nxd4 10. Bxd4 Be6 11. Nd5 Nxd5 12. Bxg7 Kxg7 13. exd5 Bd7 14. h4 h5
15. g4 Rh8 16. Be2 Qf8 17. Rdg1 Kg8 18. gxh5 Rxh5 19. f4 Rh8 20. h5 Qh6 21. Bf3
Qg7 22. Be4 1-0

[Event "46th Capablanca Memorial Open B"]
[Site "Havana CUB"]
[Date "2011.05.18"]
[Round "7.45"]
[White "Bueno Gauna, Christian Alejandro"]
[Black "Valdivia Pena, Yaima"]
[Result "1-0"]
[BlackTitle "WFM"]
[WhiteElo "1983"]
[BlackElo "2021"]
[WhiteFideId "3509958"]
[BlackFideId "3514110"]
[EventDate "2011.05.11"]

1. e4 c5 2. Nf3 Nc6 3. d4 cxd4 4. Nxd4 Nf6 5. Nc3 e5 6. Ndb5 d6 7. Nd5 Nxd5 8.
exd5 Nb8 9. c4 a6 10. Nc3 Be7 11. Be2 O-O 12. O-O f5 13. Kh1 Nd7 14. f4 Bf6 15.
Rb1 Kh8 16. Qc2 exf4 17. Bxf4 Ne5 18. b4 b6 19. Na4 Bd7 20. Nb2 Ra7 21. Nd3 g5
22. Nxe5 dxe5 23. Be3 f4 24. Bg1 g4 25. c5 Bh4 26. Qe4 Qf6 27. Bd3 Bc8 28. cxb6
Rg7 29. Rbc1 g3 30. Rc7 gxh2 31. Bc5 Rxc7 32. bxc7 Rf7 33. d6 Bg3 34. Qa8 Rf8
35. d7 Bxd7 36. Qxf8+ 1-0

[Event "46th Capablanca Memorial Open B"]
[Site "Havana CUB"]
[Date "2011.05.18"]
[Round "7.46"]
[White "Hernandez, Zaida"]
[Black "Bolanos, Cristian"]
[Result "1-0"]
[WhiteElo "2014"]
[BlackElo "1905"]
[WhiteFideId "3901041"]
[BlackFideId "3603075"]
[EventDate "2011.05.11"]

1. e4 c5 2. Nf3 d6 3. d4 cxd4 4. Nxd4 Nf6 5. Nc3 a6 6. Be2 g6 7. Be3 Bg7 8. g4
h5 9. gxh5 Nxh5 10. Qd2 Nd7 11. O-O-O Ndf6 12. f3 Bd7 13. Kb1 Qc7 14. f4 b5 15.
f5 b4 16. Nd5 Nxd5 17. exd5 gxf5 18. Rhg1 f4 19. Bf2 Bxd4 20. Bxd4 Nf6 21. Bxf6
exf6 22. Qxf4 1-0

[Event "46th Capablanca Memorial Open B"]
[Site "Havana CUB"]
[Date "2011.05.18"]
[Round "7.50"]
[White "Roca Rojas, Ana Flavia"]
[Black "Cabrera Ladron de Guevara, Maira"]
[Result "1-0"]
[WhiteElo "1948"]
[BlackElo "2022"]
[WhiteFideId "3514269"]
[BlackFideId "3510670"]
[EventDate "2011.05.11"]

1. e4 c5 2. Nf3 d6 3. d4 cxd4 4. Nxd4 Nf6 5. Nc3 a6 6. Be3 e5 7. Nb3 Be6 8. f3
h5 9. Qd2 Nbd7 10. Nd5 Bxd5 11. exd5 b5 12. a4 Be7 13. Na5 Qb8 14. Nc6 Qb7 15.
axb5 axb5 16. Rxa8+ Qxa8 17. Bxb5 Qa1+ 18. Qc1 Qxc1+ 19. Bxc1 Nxd5 20. Nb8 Nb6
21. Be3 Kd8 22. Nc6+ Ke8 23. Kf2 1-0

[Event "46th Capablanca Memorial Open B"]
[Site "Havana CUB"]
[Date "2011.05.18"]
[Round "7.51"]
[White "Vega Cordovilla, Maria Jose"]
[Black "Martin Campos, Beatriz Josefa"]
[Result "0-1"]
[WhiteElo "1901"]
[BlackElo "2020"]
[WhiteFideId "3604527"]
[BlackFideId "3506495"]
[EventDate "2011.05.11"]

1. e4 e5 2. Nf3 Nc6 3. Bb5 a6 4. Ba4 Nf6 5. O-O b5 6. Bb3 Bc5 7. c3 d6 8. Re1
O-O 9. h3 Be6 10. Bc2 Ne7 11. d4 Ba7 12. Nbd2 Ng6 13. Nf1 Nh5 14. dxe5 dxe5 15.
Ne3 Nhf4 16. Qxd8 Raxd8 17. Nd5 Bxd5 18. exd5 Rxd5 19. Bb3 Rd7 20. Nxe5 Nxe5 21.
Rxe5 Nd3 22. Re2 Nxc1 23. Rxc1 Rfd8 24. Rce1 g6 25. Re7 Kg7 26. Bxf7 Rxe7 27.
Rxe7 Kf6 28. Rxc7 Rd1+ 29. Kh2 Bb8 0-1

[Event "46th Capablanca Memorial Open B"]
[Site "Havana CUB"]
[Date "2011.05.18"]
[Round "7.10"]
[White "Borges Del Pino, Oliver"]
[Black "De Quesada Pena, Alexei"]
[Result "1/2-1/2"]
[WhiteElo "2209"]
[BlackElo "2234"]
[WhiteFideId "3505022"]
[BlackFideId "3508730"]
[EventDate "2011.05.11"]

1. d4 Nf6 2. Nf3 b6 3. g3 Bb7 4. Bg2 g6 5. c4 Bg7 6. Nc3 Ne4 7. Qd3 Nxc3 8. bxc3
d6 9. e4 Nd7 10. O-O e5 11. Nh4 Bf6 12. f4 Bxh4 13. gxh4 Qxh4 14. c5 O-O 15.
cxd6 cxd6 16. Ba3 exd4 17. cxd4 Rfe8 18. Bxd6 Rad8 19. Rae1 Nf6 20. Bb4 Nxe4 21.
Rxe4 Rxe4 22. Bxe4 Qg4+ 23. Kh1 Qf5 24. d5 Rxd5 25. Qe2 Re5 26. fxe5 Bxe4+ 27.
Kg1 Qg5+ 1/2-1/2